<?xml version="1.0" encoding="UTF-8"?>
<marc:record xmlns:marc="http://www.loc.gov/MARC21/slim">
   <marc:leader>00000nam a2200000 a 4500</marc:leader>
   <marc:datafield ind1="0" ind2="0" tag="245">
      <marc:subfield code="a">Spider-Man</marc:subfield>
   </marc:datafield>
   <marc:datafield ind1=" " ind2="1" tag="264">
      <marc:subfield code="b">Columbia Tristar</marc:subfield>
      <marc:subfield code="c">2005</marc:subfield>
   </marc:datafield>
   <marc:datafield ind1="1" ind2=" " tag="520">
      <marc:subfield code="a">Der legendäre Superheld Tobey Maguire trifft auf seinen neuen Gegenspieler den ebenso genialen wie teuflischen Doc Ock Alfred Molina, der mit vier mächtigen Tentakeln ausgestattet ist. Mary Jane Kirsten Dunst hat mittlerweile eine Karriere als Schauspielerin begonnen und einen neuen Mann an ihrer Seite. Sehr zum Missfallen von Peter, der immer noch gegen den ständigen Impuls ankämpfen muss, sein Doppelleben aufzugeben und Mary Jane endlich seine Liebe zu gestehen. Doch damit nicht genug. Auch Peters Verhältnis zu seinem besten Freund Harry Osborn James Franco wird überschattet durch dessen abgrundtiefen Hass auf Spider-Man, den er für den Tod seines Vaters verantwortlich macht.</marc:subfield>
   </marc:datafield>
   <marc:datafield ind1=" " ind2=" " tag="020">
      <marc:subfield code="a">4030521701984</marc:subfield>
      <marc:subfield code="9">4030521701984</marc:subfield>
   </marc:datafield>
   <marc:datafield ind1="0" ind2=" " tag="490">
      <marc:subfield code="v">0</marc:subfield>
   </marc:datafield>
   <marc:datafield ind1=" " ind2=" " tag="300">
      <marc:subfield code="a">ca. 122 Min.</marc:subfield>
   </marc:datafield>
</marc:record>
